书目信息 |
| 题名: |
自动控制原理
|
|
| 作者: | 李文秀 主编 | |
| 分册: | ||
| 出版信息: | 哈尔滨 哈尔滨工程大学出版社 2001.07 |
|
| 页数: | 472页 | |
| 开本: | 26cm | |
| 丛书名: | ||
| 单 册: | ||
| 中图分类: | TP13 | |
| 科图分类: | ||
| 主题词: | 自动控制理论 | |
| 电子资源: | ||
| ISBN: | 7-81073-177-7 | |
| 000 | 00544nam0 2200193 45 | |
| 001 | 0437867571 | |
| 005 | 2004051010310739 | |
| 010 | @a7-81073-177-7@dCNY 37.00 | |
| 100 | @a20040510d2001 km y0chiy0120 ea | |
| 101 | 0 | @achi |
| 102 | @aCN@b230000 | |
| 200 | 1 | @a自动控制原理@AZi Dong Kong Zhi Yuan Li@f李文秀主编@FLi Wen Xiu Zhu Bian |
| 210 | @a哈尔滨@c哈尔滨工程大学出版社@d2001.07 | |
| 215 | @a472页@d26cm | |
| 606 | 0 | @a自动控制理论 |
| 690 | @aTP13@v4 | |
| 701 | 0 | @a李文秀@ALi Wen Xiu@4主编 |
| 801 | 0 | @aCN@bPFT@c20040510 |
| 905 | @dTP13@eL287 | |
| 自动控制原理/李文秀主编.-哈尔滨:哈尔滨工程大学出版社,2001.07 |
| 472页;26cm |
| ISBN 7-81073-177-7:CNY 37.00 |
| ● |
| 相关链接 |
|
|
|
正题名:自动控制原理
索取号:TP13/L287
 
预约/预借
| 序号 | 登录号 | 条形码 | 馆藏地/架位号 | 状态 | 备注 |
| 1 | 397135 | 203971354 | 自科库301/301自科库 101排4列1层/ [索取号:TP13/L287] | 在馆 | |
| 2 | 397136 | 203971363 | 自科库301/301自科库 33排4列2层/ [索取号:TP13/L287] | 在馆 | |
| 3 | 397137 | 203971372 | 自科库301/301自科库 101排4列1层/ [索取号:TP13/L287] | 在馆 |